| 000 | 01479njm a2200385 c 4500 | ||
|---|---|---|---|
| 003 | BLK | ||
| 005 | 20180422121636.0 | ||
| 008 | 180410b bul||n||s|||||||| n|bulo| | ||
| 010 | _aCDD00007220000 | ||
| 040 | _aBLK | ||
| 041 |
_aDEU _cDEU |
||
| 072 | 7 |
_2bullib _aН9901 _xНемска читалня - музика Н |
|
| 080 |
_aДруги видове песни. - Естрада, джаз. Стари градски. Рок-и попмузика. Чалга(поп-фолк) _b784.7 _x _z784.7 |
||
| 700 | 1 |
_aRolf Kuhn Quintet _eизп. _9355373 |
|
| 700 | 1 |
_aKuhn, Rolf _eкларинет _9387927 |
|
| 700 | 1 |
_aUrbaniak, Michal _eсаксофон _926905 |
|
| 700 | 1 |
_aKuhn, Joachim _eпиано _9387556 |
|
| 700 | 1 |
_aKoch, Klaus _eконтрабас _9355374 |
|
| 700 | 1 |
_aBartkowski, Szeslaw _eударни инстр. _94553 |
|
| 139 |
_aRolf Kuhn Quintet _bR 74 |
||
| 245 | 1 | 0 |
_aSolarius [CD аудио] _cизп. Rolf Kuhn Quintet; кларинет Rolf Kuhn; саксофон Michal Urbaniak; пиано Joachim Kuhn; контрабас Klaus Koch; ударни инстр. Szeslaw Bartkowski. |
| 257 | _aDEU | ||
| 260 |
_аHamburg _bEdel Rec. _c2012 _g1964 |
||
| 300 | _a12 cm. Stereo | ||
| 306 | _a40мин. 9сек. | ||
| 380 | _a7 | ||
| 650 | 4 |
_aДжаз _9153283 |
|
| 653 | _aджаз | ||
| 659 | _aФ | ||
| 852 |
_aЦб CD 3319 _p0 |
||
| 856 | 4 |
_qpdf _u |
|
| 856 | 4 |
_qpdf _u |
|
| 942 |
_cCDD _n0 |
||
| 944 |
_aCR _c18.03.2013 _kТеодора_Стоянова |
||
| 944 |
_aED _c22.08.2017 _kТеодора_Стоянова |
||
| 999 |
_c226039 _d226039 |
||